000 00508nam a22001457a 4500
999 _c535714
_d535714
082 _a621.3678
100 _aMaqsood, Usama.
245 _aAnalyzing Punjab Emergency Services Vehicle's Movement :
_bA Geovisual Analytics Approach /
_cUsama Maqsood.
260 _aIslamabad :
_bIGIS - NUST,
_c2017.
300 _a108 p. : ill. ;
_c30cm.
942 _2ddc
_cTHE
650 _aRemote Sensing & GIS - MS Theses.
_928080
700 _aSup Dr. Tahir Ali
_930494